| 000 | 00413 a2200157 4500 | ||
|---|---|---|---|
| 005 | 20251113102049.0 | ||
| 008 | 251030b |||||||| |||| 00| 0 eng d | ||
| 020 | _a9781119287537 | ||
| 082 | _a720.28/SAC | ||
| 100 |
_aSacks R _9214738 |
||
| 245 | _aBIM Handbook:A Guide to Building Information modeling for Owners | ||
| 250 | _a3rd Ed. | ||
| 260 |
_bWiley _c2018 _aCanada |
||
| 300 |
_a659p _bHB |
||
| 942 | _cRF | ||
| 999 |
_c369023 _d369023 |
||